| 000 | 02386nam0a2200397 4500 | ||
|---|---|---|---|
| 001 | RU\NLR\BIBL_A\012934048 | ||
| 005 | 20221121151739.0 | ||
| 010 |
_a978-5-16-017985-8 _bprint |
||
| 010 |
_a978-5-16-110989-2 _bonline _9100 |
||
| 021 |
_aRU _bКН-П-22-068214 _9КН-П-22-5935 |
||
| 035 | _a(NLR Aleph) 012934048 | ||
| 035 | _a(RuMoRGB)011266360 | ||
| 090 |
_a12683911 _c12683911 |
||
| 100 | _a20221109d2023 u y0rusy50 ca | ||
| 101 | 0 | _arus | |
| 102 | _aRU | ||
| 105 | _aa n 000zy | ||
| 181 | 0 |
_ai3 _baxxe |
|
| 182 | 0 | _an | |
| 200 | 1 |
_aКорабельный устав Военно-Морского Флота _eутвержден Указом Президента Российской Федерации от 31 июля 2022 года, № 511 |
|
| 203 |
_aТекст _bвизуальный _cнепосредственный |
||
| 205 | _a2-е изд. | ||
| 210 |
_aМосква _cИНФРА-М _d2023 [т. е. 2022] |
||
| 215 |
_a270 с. _cтабл., ил. _d22 |
||
| 300 | _aКн. фактически издана в 2022 г. | ||
| 330 | _aНастоящий Устав определяет корабельную организацию, боевую подготовку кораблей Военно-Морского Флота, обязанности основных должностных лиц корабля и корабельных соединений, а также повседневную службу корабля, военно-морские ритуалы и правила несения службы корабельных нарядов | ||
| 604 |
_171001$aРоссийская Федерация$bВоенно-морской флот$xКорабельная служба _1500##$aУставы и наставления$2nlr_sh2$3RU\NLR\AUTH\661566668 _aРоссийская Федерация. Военно-морской флот _xКорабельная служба _tУставы и наставления _92630108 _3RU\NLR\AUTH\661566668 |
||
| 675 |
_a347.79(470)(094.5) _v4 |
||
| 686 |
_a67.404.91(2Рос)-3 _2rubbks |
||
| 686 | 1 | _aЦ66,6(2Р)0-244.2б(2)6 | |
| 740 | 1 |
_aРоссийская Федерация _tВоенные уставы и наставления _9280880 _3RU\NLR\AUTH\884673 |
|
| 942 | _cBOOK | ||
| 980 | _aNB | ||